[Event "Riga op"]
[Site "Riga"]
[Date "1995.??.??"]
[Round "?"]
[White "Kveinys, Aloyzas"]
[Black "Bologan, Viktor"]
[Result "0-1"]
[WhiteElo "2525"]
[BlackElo "2540"]
[Annotator "Chekhov,V"]
[PlyCount "74"]
[EventDate "1995.??.??"]
[EventType "swiss"]
[EventRounds "9"]
[EventCountry "LAT"]
[SourceTitle "CBM 048"]
[Source "ChessBase"]
[SourceDate "1995.10.01"]
[SourceVersion "1"]
[SourceVersionDate "1995.10.01"]
[SourceQuality "1"]

1. e4 c5 2. Nf3 e6 3. Nc3 a6 4. d4 cxd4 5. Nxd4 b5 6. Bd3 d6 7. O-O Nf6 8. f4 (
8. a4 b4 9. Na2 Qb6 10. a5 Qb7 11. Re1 Be7 12. Bd2 e5 13. Nf5 Bxf5 14. exf5 e4
15. Bxb4 exd3 16. Bxd6 Ng8 17. Qxd3 Nc6 18. Qc3 Kf8 $17 {Tiviakov,S-Bologan,V/
Oakham/1992/0|1/30/}) (8. b4 $5 Bb7 9. a4 bxa4 10. Rxa4 Be7 11. Qe2 O-O 12. Bd2
Nfd7 13. Nb3 Nc6 14. Na5 Nxa5 15. Rxa5 Qc8 16. f4 Bf6 17. e5 Bd8 18. Ra3 $14 {
Kindermann,S-Gavrikov,V/Biel/1990/0,5/20/}) 8... Bb7 9. Qf3 (9. Qe2 Nbd7 10. a3
Be7 11. Kh1 Qc7 12. Bd2 O-O 13. Rae1 Nc5 $132 {Nillsen,P-Adamski,J/Lyngby/1991/
0,5/21/}) 9... Nbd7 10. a3 Rc8 11. Nb3 $6 (11. Be3 Be7 12. Rae1 Rxc3 $5 13.
bxc3 Nc5 14. Qh3 Nfxe4 15. c4 bxc4 16. Bxc4 O-O $44 {Kastro,J-Kavalek,L/
Polanica Zdroj/1964/1|0/57/}) 11... Nc5 12. Nxc5 dxc5 13. Re1 c4 14. Bf1 Bc5+
15. Kh1 (15. Be3 Bxe3+ (15... Qb6 $5) 16. Rxe3 $6 (16. Qxe3 $5 Ng4 17. Qa7 Ra8
18. Qc5 Rc8 19. Qa7 $10) 16... O-O 17. Rd1 Qb6 18. Kh1 Rfd8 $17) 15... Bd4 16.
Bd2 h5 $1 $17 17. Re2 (17. Rad1 Ng4 18. Be3 Qh4 $1) 17... Ng4 18. Qg3 (18. Nd1
f5 $1) 18... Ba7 $1 19. Nd1 Qb6 20. Be3 (20. Ne3 Bxe4 $19) 20... Nxe3 21. Qxe3
Qxe3 22. Nxe3 O-O (22... Ke7 $5) (22... Bxe4 $5 23. Nxc4 Rxc4 24. b3 Bxg2+ 25.
Rxg2 Rxf4 26. Rxg7 Rg4 27. Rxg4 hxg4 28. a4 Bb8 29. axb5 axb5 30. Bxb5+ Ke7 $19
) 23. Nd1 f5 (23... Rfd8 $5) 24. Nc3 h4 25. g3 (25. exf5 exf5 26. Re7 Rf7 27.
Rae1 Kf8 28. Rxf7+ Kxf7 $19) 25... hxg3 26. Bg2 $6 (26. hxg3 Kf7 $1 27. Rh2 Rh8
28. Rd1 Ke7) 26... gxh2 27. Kxh2 fxe4 28. Bxe4 Bxe4 29. Rxe4 Bb8 30. Ne2 Rcd8
$19 31. Kh3 Rf6 32. Kg4 Kf7 (32... Rd2 $5 33. a4 Rxc2 34. axb5 axb5 35. Ra8 Rf8
36. Rxe6 Rxb2 $19) 33. Rh1 Rd2 34. a4 Ba7 $6 (34... Rxc2 35. Nd4 Rxb2 36. axb5
axb5 37. Nc6 Bd6 38. Rd4 Bf8 $19) 35. axb5 axb5 36. Ra1 Bc5 37. Kf3 $4 (37. Ra5
$1 Rxc2 38. Rxb5 $15) 37... Rxc2 0-1

[Event "Interpolis"]
[Site "Tilburg"]
[Date "1992.10.24"]
[Round "6.2"]
[White "Adams, Michael"]
[Black "Smirin, Ilia"]
[Result "1-0"]
[WhiteElo "2610"]
[BlackElo "2555"]
[Annotator "ChessBase"]
[PlyCount "75"]
[EventDate "1992.10.08"]
[EventType "k.o."]
[EventRounds "7"]
[EventCountry "NED"]
[SourceTitle "CBM 032"]
[Source "ChessBase"]
[SourceDate "1993.02.01"]
[SourceVersion "1"]
[SourceVersionDate "1993.02.01"]
[SourceQuality "1"]

1. e4 c5 2. Nf3 d6 3. d4 cxd4 4. Nxd4 Nf6 5. Nc3 a6 6. f4 e6 7. Qf3 Qb6 8. a3 (
8. Nb3 Qc7) 8... Nbd7 (8... Qxd4 $2 9. Be3 $18) (8... g6 9. Be2 Bg7 10. Be3 $16
{De Firmian,N-Yudasin,L/Manila izt/1990/}) 9. Nb3 $6 (9. Be2) 9... Qc7 10. g4
h6 11. h4 h5 12. g5 Ng4 13. Bd2 b5 14. O-O-O Bb7 15. Kb1 (15. Be2) (15. Bh3 Rc8
16. Bxg4 hxg4 17. Qxg4 a5 $40) 15... Rc8 16. Be2 g6 17. Rhe1 Bg7 18. Qg3 Nb6 (
18... Nc5 19. Nxc5 (19. Bxg4 hxg4 20. f5 Nxe4 21. Rxe4 Bxe4 22. f6 Bf8 $19)
19... dxc5 20. Bxg4 hxg4 21. e5 Bf3 22. Ne4 $13) 19. Bxg4 hxg4 20. f5 $1 (20.
Qxg4 Nc4 $40) 20... Be5 (20... Nc4 21. f6 Bf8 22. Qxg4 $16) 21. Qxg4 Qe7 (21...
Nc4 22. fxg6 Nxb2 23. gxf7+ Kf8 24. Kxb2 Bxc3+ 25. Kb1 Bb2 26. Kxb2 Qxc2+ 27.
Ka1 Qxb3 28. Re3 $40) 22. Na5 Ba8 23. fxg6 (23. Bf4 Bxc3 24. Bxd6 Bxe1 25. Bxe7
Rxh4 $132) 23... fxg6 24. Bf4 Rxc3 $1 (24... Bxc3 25. Bxd6 Qf7 26. Rf1 $16) 25.
bxc3 Na4 26. Bxe5 dxe5 27. Rd3 O-O 28. Red1 Nc5 (28... Rf4 29. Rd8+ Kf7 30. Qh3
Bd5 31. R1xd5 exd5 32. Rd7 $18) (28... Bd5 29. exd5 Qxa3 30. Qb4 $1 (30. Qxe6+
$2 Kh7 31. Qd7+ Kh8 $19)) 29. Rd6 (29. Rf3 Rc8 30. Rf6 Bxe4 31. Nb3 Na4 $40)
29... Bxe4 $2 (29... Nxe4 30. Qxe6+ Qxe6 31. Rxe6 Nxc3+ 32. Kc1 Nxd1 33. Rxg6+
Kh7 34. Rh6+ Kg7 35. Kxd1 $14) 30. Nc6 Qg7 31. Qg1 $1 Na4 (31... Bxc6 32. Rxc6
Na4 $16) 32. Rd7 Nxc3+ 33. Ka1 Rf7 (33... Nxd1 34. Rxg7+ Kxg7 35. Nxe5 $18) 34.
Rxf7 Qxf7 35. Rd8+ Kg7 36. Nxe5 Ne2 37. Qe3 Qf1+ 38. Kb2 1-0

[Event "Copenhagen IM (Politiken Cup-05)"]
[Site "Copenhagen"]
[Date "1983.10.21"]
[Round "7"]
[White "Kudrin, Sergey"]
[Black "Jakobsen, Ole"]
[Result "1-0"]
[WhiteElo "2505"]
[BlackElo "2445"]
[Annotator "ChessBase"]
[PlyCount "53"]
[EventDate "1983.10.14"]
[EventType "tourn"]
[EventRounds "9"]
[EventCountry "DEN"]
[SourceTitle "MCL"]
[Source "ChessBase"]
[SourceDate "1999.07.01"]
[SourceVersion "1"]
[SourceVersionDate "1999.07.01"]
[SourceQuality "1"]

1. e4 c5 2. Nf3 d6 3. d4 cxd4 4. Nxd4 Nf6 5. Nc3 a6 6. Be2 e6 7. O-O Be7 8. f4
O-O 9. Kh1 Qc7 10. a4 Nbd7 11. Bf3 Re8 12. Qe1 (12. g4) 12... Bf8 13. Qg3 Kh8
$1 14. Be3 Nb6 15. Rad1 Nc4 16. Bc1 e5 $1 17. fxe5 dxe5 18. Be2 $2 (18. Nf5
Bxf5 19. exf5 Nd6 $1 $13) 18... Nd6 $1 19. Rxf6 gxf6 $2 (19... exd4 20. e5 (20.
Rxd4 gxf6 21. Bf4 Qb6 22. Rxd6 Bxd6 23. Bxd6 Qxb2 $44) (20. Nd5 Qxc2) 20... Nf5
$1) 20. Nd5 Qd8 21. Qh4 Bg7 22. Nf3 Be6 $2 (22... Re6 $13) 23. Ng5 $3 fxg5 $2 (
23... h6 $1 24. Nf3 $1 Kh7 $2 (24... Bxd5 25. Rxd5 Kh7) 25. Bxh6 Bxh6 26. Nxf6+
Kg7 27. Nxe8+ Qxe8 28. Rxd6 $16) 24. Bxg5 Nf5 (24... f6 25. Nxf6) 25. exf5 Qxd5
26. Rxd5 Bxd5 27. c4 $1 (27. c4 $1 f6 (27... Bc6 28. Bh5 $1) 28. Bxf6 Bf7 29.
Bxg7+ Kxg7 30. f6+ Kh8 31. Qh6 Rg8 32. Bd3 Bg6 33. f7 Rgd8 34. h3 $1) 1-0

[Event "POL-ch 43rd"]
[Site "Bytom"]
[Date "1986.??.??"]
[Round "9"]
[White "Hawelko, Marek"]
[Black "Staniszewski, Piotr"]
[Result "1-0"]
[WhiteElo "2440"]
[BlackElo "2405"]
[Annotator "ChessBase"]
[PlyCount "75"]
[EventDate "1986.02.02"]
[EventType "tourn"]
[EventRounds "15"]
[EventCountry "POL"]
[EventCategory "6"]
[SourceTitle "MCL"]
[Source "ChessBase"]
[SourceDate "1999.07.01"]
[SourceVersion "1"]
[SourceVersionDate "1999.07.01"]
[SourceQuality "1"]

1. e4 c5 2. Nf3 d6 3. d4 cxd4 4. Nxd4 Nf6 5. Nc3 a6 6. f4 e6 7. Qf3 (7. Be3 b5)
7... Qb6 $5 8. Nb3 Qc7 9. Bd3 b5 10. g4 Bb7 11. g5 Nfd7 12. Be3 Nc6 13. Qh3 b4
(13... Nb4) 14. Ne2 g6 15. O-O-O Bg7 16. Kb1 Na5 $6 (16... a5 $142 $5) (16...
O-O $142 $5) 17. Rhe1 Nc4 18. Bc1 h6 $6 (18... O-O $142) 19. gxh6 Rxh6 20. Qf1
$1 (20. Qg3 $2 O-O-O 21. f5 Be5 $1 $13) 20... Rxh2 21. Ned4 Rc8 (21... Ndb6 22.
f5 $1 e5 23. Nf3 Rh8 24. fxg6 fxg6 25. Ng5 Rc8 26. Qg2 {P f1;P h1}) 22. Qg1 Rh3
23. e5 $1 dxe5 (23... Ndxe5 24. fxe5 Nxe5 25. Nxe6 $1 fxe6 26. Bxg6+ Nxg6 27.
Qxg6+ Qf7 28. Qg4 $16) 24. Nxe6 fxe6 25. Qxg6+ Kf8 26. Bxc4 Rh6 27. Qg5 Nb6 (
27... e4 28. Rg1 Nb6 29. Be3 Nxc4 30. Bc5+ Ke8 31. Qxg7 $18) 28. Bd3 e4 29.
Rxe4 Bxe4 30. Bxe4 Qe7 $138 (30... Nd5 $142 31. Nd4 $16) (30... Nc4 31. f5 Nd6
32. fxe6 Nxe4 33. Qf5+ $16) 31. Qa5 Nc4 32. Qxa6 $18 Qc7 33. f5 Rh2 34. f6 $1
Bxf6 35. Qxe6 Rf2 36. Bh6+ Bg7 37. Bxg7+ Kxg7 38. Rg1+ 1-0

[Event "Tirnavia"]
[Site "Trnava"]
[Date "1989.??.??"]
[Round "?"]
[White "Balashov, Yuri S"]
[Black "Plachetka, Jan"]
[Result "1-0"]
[WhiteElo "2530"]
[BlackElo "2450"]
[Annotator "ChessBase"]
[PlyCount "53"]
[EventDate "1989.03.??"]
[EventType "tourn"]
[EventRounds "10"]
[EventCountry "CZE"]
[EventCategory "11"]
[SourceTitle "CBM 012"]
[Source "ChessBase"]
[SourceDate "1989.10.01"]
[SourceVersion "1"]
[SourceVersionDate "1989.10.01"]
[SourceQuality "1"]

1. e4 c5 2. Nf3 e6 3. Nc3 a6 4. d4 cxd4 5. Nxd4 d6 6. f4 Qc7 7. Bd3 Nf6 8. Qf3
Nbd7 9. g4 Nc5 (9... h6 $5 10. h4 h5 11. g5 Ng4) 10. g5 Nfd7 11. h4 b5 12. a3
$6 (12. h5 b4 13. Nce2 Bb7 14. Bd2 $5) (12. Be3 b4 13. Nce2 Bb7 14. h5 h6 15.
g6 f5 16. Qh3 Nf6 17. exf5 e5 18. Nb3 Nxd3+ 19. cxd3 Bxh1 20. Qxh1 Rc8 $13 {
Benjamin,Joe-Stohl,I/Copenhagen/1982/}) 12... Bb7 13. Be3 {13.Bd2!? /\ b2-b4}
O-O-O $6 {13...Be7} 14. Rc1 $6 (14. O-O e5 15. Nde2 (15. Ndxb5 $2 axb5 16. Nxb5
Qb6 $1 17. b4 d5 18. bxc5 Bxc5) 15... f5 16. gxf6 Nxf6 17. b4 Ne6 18. f5 $16)
14... e5 $1 (14... Kb8 15. b4 $1 Na4 16. Nxa4 bxa4 17. c4 $16) 15. Ndxb5 $5 (
15. Nde2 f5 16. gxf6 Nxf6 17. b4 Ne6 18. f5 Nd4 19. Bxd4 exd4 20. Nd5 Nxd5 21.
exd5 Qf7 22. Nf4 Re8+ $13 23. Ne6 $2 Rxe6+ $1 $19) 15... axb5 16. Nxb5 Qb8 $6 (
16... Qb6 $1 17. b4 d5 18. bxc5 Bxc5 $13) 17. b4 $40 exf4 $2 (17... Ne6 $1 18.
f5 Nf4 $13) 18. Qxf4 Ne5 19. bxc5 dxc5 20. Bf1 $1 {/\ Bf1-h3} Nd7 21. Bh3 Qxf4
22. Bxf4 Re8 23. O-O Bc6 24. Rb1 Kd8 25. Na7 Ba4 26. Rfd1 Rxe4 27. Rb8+ 1-0

[Event "Olympiad-31"]
[Site "Moscow"]
[Date "1994.12.06"]
[Round "6.3"]
[White "Zarnicki, Pablo Adrian"]
[Black "Sakaev, Konstantin"]
[Result "1-0"]
[WhiteElo "2475"]
[BlackElo "2555"]
[Annotator "Dolmatov,S"]
[PlyCount "87"]
[EventDate "1994.12.01"]
[EventType "team-swiss"]
[EventRounds "14"]
[EventCountry "RUS"]
[SourceTitle "CBM 045"]
[Source "ChessBase"]
[SourceDate "1995.04.01"]
[SourceVersion "1"]
[SourceVersionDate "1995.04.01"]
[SourceQuality "1"]
[WhiteTeam "Argentina"]
[BlackTeam "Russia II"]
[WhiteTeamCountry "ARG"]
[BlackTeamCountry "RUS"]

1. e4 {Ftacnik} c5 2. Nf3 e6 3. d4 cxd4 4. Nxd4 Nf6 5. Nc3 d6 6. f4 Be7 7. Qf3
O-O (7... Nc6 $5 8. Be3 e5 9. Nxc6 (9. Nf5 Bxf5 10. exf5 Nd4 11. Bxd4 exd4 $13)
9... bxc6 10. fxe5 dxe5 11. Bc4 O-O 12. h3 Be6 13. Bxe6 fxe6 14. Qe2 Qb8 15.
O-O-O Qb4 16. a3 Qa5 17. Qc4 Kh8 $13) 8. Be3 e5 9. Nf5 Bxf5 10. exf5 Nbd7 11.
O-O-O Qa5 $6 (11... Rc8 $5 12. g4 Rxc3 13. bxc3 d5 $40) 12. g4 (12. Kb1 $6 Rac8
13. Nd5 Nxd5 14. Rxd5 Qc7 15. Rd2) (12. Bc4 {Ftacnik} Rac8 13. Bb3 Rxc3 $1 $8 (
13... exf4 14. Qxf4 Nc5 15. Kb1 Nxb3 16. axb3 b5 17. b4 Qa6 18. g4 Rc4 19. Rd4
Rfc8 20. g5 Qc6 21. Rhd1 Rxc3 22. bxc3 $16 {Howell,J-Lukin,A/Yaroslavl/1990/
1-0 (31)}) 14. bxc3 d5 $1 15. Kb1 $1 (15. Bd2 Rc8 16. Kb1 e4 $1 17. Qh3 h5 $1
18. c4 Qc7 19. cxd5 Bd6 $1 $44 {|^ Agapov,K-Epishin,V/URS/1987/0-1 (40)}) 15...
Ne4 16. Bd2 $1 Nxd2+ 17. Rxd2 e4 18. Qe3 $1 Nb6 19. Rhd1 $16 {Tseitlin,
MS-Karpman,V/URS/1988/1-0 (24)}) (12. Nd5 {Ftacnik} Nxd5 13. Qxd5 Qxd5 14. Rxd5
Nf6 15. Rb5 b6 16. Be2 exf4 17. Bxf4 d5 18. Bf3 Bc5 19. Rd1 Rad8 20. a4 Rfe8
21. a5 Ne4 22. Bc7 $14 {Ivanov,AV-Vehi Bach,V/Biel/1990/0.5 (43)}) 12... Rac8
13. Bd2 $1 (13. g5 Rxc3 14. gxf6 Rxe3 (14... Bxf6 $6 15. bxc3 e4 16. Qxe4 Bxc3
17. Rd3 $16) (14... Nxf6 $1 {Ftacnik} 15. bxc3 d5 $1 16. fxe5 (16. Kd2 d4 17.
Bxd4 exd4 18. Bd3 Nd5 $17 {Kamsky,G-Sakaev,K/URS/1986/}) 16... Qxc3 17. Rd3 $8
Qa1+ 18. Kd2 Bb4+ 19. c3 Bxc3+ 20. Rxc3 Ne4+ 21. Qxe4 dxe4 22. Bd4 $19 {
Faas-Sakaev,K/URS/1987/0-1 (25)}) 15. Qxe3 Nxf6 (15... Bxf6 16. Bc4 exf4 17.
Qxf4 Nc5 18. Qf3 Qb4 19. Bb3 a5 20. c3 Nxb3+ 21. Kc2 Rc8 22. axb3 $16 {Leko,
P-Theissen,H/Dortmund Op-A (10)/1992/1-0 (41)}) 16. Bc4 e4 $13) 13... e4 (13...
d5 14. Kb1 (14. g5 {Ftacnik} e4 15. Qh3 d4 16. gxf6 Nxf6 17. Nxe4 Qxa2 18.
Nxf6+ Bxf6 19. Qa3 $16 Rxc2+ $140 20. Kxc2 Rc8+ 21. Bc4 Qxc4+ 22. Kb1 $18)
14... d4 15. Ne4 Qc7 16. Nxf6+ Nxf6 17. Bd3 $40) 14. Qe2 d5 15. Kb1 (15. g5 $6
d4 16. gxf6 Nxf6 (16... dxc3 17. fxe7 $18) 17. Nxe4 Qxa2 $40 (17... Qxa2 {
Ftacnik} 18. c4 (18. Be1 Qa1+ 19. Kd2 Bb4+ 20. c3 Nxe4+ 21. Qxe4 dxc3+ $17)
18... b5 $17)) 15... Bb4 (15... Nb6 16. g5 Nfd7 17. Nxe4 $16) 16. g5 Bxc3 $2 (
16... e3 $142 $1 $8 17. Qxe3 Rfe8 $132) (16... d4 {Ftacnik} 17. Nxe4 Nxe4 18.
Bxb4 Qxb4 19. Qxe4 $16) 17. Bxc3 Rxc3 18. bxc3 $1 (18. gxf6 $6 Rc6 (18... Rc5
$15 {Ftacnik}) 19. fxg7 Rfc8 20. c3 Nf6 $13) 18... Nb6 (18... Ne8 {Ftacnik} 19.
Qb5 $16) (18... Qxc3 {Ftacnik} 19. Qd2 Qxd2 20. Rxd2 e3 21. Rd3 Ne4 22. Rxe3
$16) 19. Qb5 (19. gxf6 $2 {Ftacnik} Nc4 $1) 19... Qxb5+ (19... Qxc3 {Ftacnik}
20. gxf6 $18) 20. Bxb5 Ne8 $2 (20... Ng4 $5 21. Rde1 a6 22. Be2 (22. Bf1 Rc8)
22... Ne3) 21. Bxe8 Rxe8 22. Rd4 $16 Rc8 (22... e3 {Ftacnik} 23. Re1 $16) 23.
c4 $1 Rxc4 (23... dxc4 {Ftacnik} 24. Rhd1 $18) (23... Nxc4 {Ftacnik} 24. Rxd5
Na3+ 25. Kb2 Nc4+ 26. Kc1 Ne3 27. Rd7 Rxc2+ 28. Kb1 Rc8 29. Re1 Nxf5 30. Rxe4
$16) 24. Rxc4 Nxc4 (24... dxc4 {Ftacnik} 25. Rd1 $18) 25. Rd1 $18 Ne3 (25...
Nb6 {Ftacnik} 26. c4 $1 Nxc4 27. Rxd5 $18) 26. Rd4 Kf8 27. c4 Nxc4 (27... dxc4
{Ftacnik} 28. f6 $1 gxf6 29. gxf6 $18) 28. Rxd5 e3 29. f6 gxf6 30. gxf6 Ke8 (
30... e2 31. Rd8#) 31. Rd4 Nd2+ (31... e2 {Ftacnik} 32. Re4+ Kd7 33. Rxe2 $18)
32. Kc2 Nf3 33. Re4+ Kf8 34. Rxe3 Nxh2 35. Rc3 Ke8 36. Rc7 Ng4 37. Rxb7 Nxf6
38. Rxa7 Nd5 39. a4 h5 40. Rb7 h4 41. a5 h3 42. a6 h2 43. a7 Nb6 (43... h1=Q $2
44. a8=Q#) 44. Rb8+ 1-0

[Event "Neckar op-A 17th"]
[Site "Deizisau"]
[Date "2013.04.01"]
[Round "9"]
[White "Edouard, Romain"]
[Black "Solodovnichenko, Yuri"]
[Result "1/2-1/2"]
[WhiteElo "2680"]
[BlackElo "2559"]
[Annotator "Edouard,R"]
[PlyCount "278"]
[EventDate "2013.03.28"]
[EventType "swiss"]
[EventRounds "9"]
[EventCountry "GER"]
[SourceTitle "CBM 154"]
[Source "ChessBase"]
[SourceDate "2013.05.15"]
[SourceVersion "1"]
[SourceVersionDate "2013.05.15"]
[SourceQuality "1"]

1. e4 c5 2. Nf3 e6 3. Nc3 Nc6 4. d4 cxd4 5. Nxd4 d6 6. Be3 Nf6 7. f4 Be7 8. Qf3
e5 9. Nxc6 bxc6 10. f5 Qa5 11. O-O-O O-O 12. Bc4 Rb8 13. Bb3 d5 $5 {Some
theory which, I had to admit, took me a crazy amount of time to remember.} 14.
exd5 Rxb3 15. cxb3 cxd5 16. Rxd5 Nxd5 17. Nxd5 {Till now everything was forced.
And I was remembering more or less after after 17...Bd6 18.Rd1 White was
better. But I had never seen my opponent's next move, which had actually been
played already.} Bh4 (17... Bd6 18. Rd1 Qxa2 19. Nf6+) 18. Nc3 Rd8 $146 (18...
Bf6 19. Qe4 Qa6 20. Rd1 Bb7 21. Qc4 Qxc4 22. bxc4 Bxg2 23. Bxa7 {1-0 (36) Fier
Takeda,A (2581)-Morrison,G (2328)/ICC INT 2008 (36)}) 19. Qe4 Be7 20. g4 $5 (
20. Rd1 Rxd1+ 21. Kxd1 h5 $5 {is OK for Black.} (21... Qc7 $5)) 20... h5 $6 {
This pretty weird move is not necessary.} (20... Qc7 21. Re1 (21. Rd1 Rxd1+ 22.
Kxd1 Bb7 $132) 21... Ba6 {was OK for Black.}) 21. gxh5 Qb4 $6 (21... Bb4 22.
Rd1 Rxd1+ 23. Nxd1 Qc7+ 24. Qc4 Qb7 {is still quite unclear.}) 22. Rf1 $1 (22.
Qxb4 Bxb4 23. Rf1 {is also better for White.}) 22... a5 (22... Qxe4 23. Nxe4
$16) 23. h6 Bb7 24. Qc2 Bf6 25. Rg1 {Suddenly Black appears to be totally lost
and may regret the move ...h5!} Bf3 (25... e4 26. Rxg7+ $18 {[%cal Gc2g2]}) 26.
Qf2 e4 27. Rxg7+ Kh8 (27... Bxg7 28. Qg3 $18) 28. Bc5 $6 (28. Kb1 $1 Qd6 (28...
Bxc3 29. bxc3 Qxc3 30. Qb2 $18) 29. Rg1 $16) 28... Qb8 $2 {A crazy move taking
adavntage of the fact I was already in time trouble!} (28... Qb7 {woud not be
so clear.}) 29. Kc2 $4 {I cannot explain this move! Please don't ask!} (29.
Rxf7 Qf4+ (29... Qe5 30. Be3 $18) 30. Be3 {(I think this is the move I forgot
for a second...)} Qxf5 31. Qg3 {and White wins everything on the board!}) 29...
Qf4 (29... Bxg7 30. hxg7+ Kxg7 31. Bd4+ Kf8 32. Qh4 Ke8 33. Nxe4 Kd7 {would be
about = (or a bit better for White) but since I was in time trouble, it was
logical for my opponent to keep the position as sharp as possible. Especially
since the potential winner would win the tournament!}) 30. Rxf7 Qxf5 $6 (30...
e3 $1 31. Qxe3 Qxf5+ 32. Kc1 Bd1 $1 {(missed! of course)} 33. Nxd1 Qd5 34. Nc3
Qxf7 {and Black should be able to hold.}) 31. Be3 (31. Qe3 Qg6 32. Ra7 Qg2+ 33.
Qf2 $16) 31... Qe6 32. Rb7 $4 ({After} 32. Ra7 {nothing works for Black, e.g.}
Rg8 (32... Qd6 33. Qd2 $18) 33. Kb1 Rg2 34. Qf1 Rxh2 35. Qb5 Rh1+ 36. Bc1 $18)
32... Qa6 33. Rc7 Qd6 (33... Rd1 $1 34. Nb5 (34. Rc4 Qd6) 34... Qxb5 35. Rc8+
Kh7 36. Rc7+ Bg7 37. Rxg7+ Kh8 38. Rg8+ Kxg8 39. Qg3+ Kf8 40. Qg7+ Ke8) 34. Rc4
Kh7 $4 (34... Qd3+ 35. Kc1 a4 $1 {would give Black huge counterplay. Holding
it with very little time on the clock would be sort of impossible.}) 35. Qd2 (
35. Kb1 $18 {was too simple for us!}) 35... Qe5 36. Qf2 Qd6 37. Qd2 Qe5 38. Qc1
Qxh2+ 39. Kb1 Rd3 40. Qg1 $4 {It is difficult to count how many mistakes have
been made in this game!} (40. Bf4 $18 {was my initial idea: once again, don't
ask!}) 40... Qxg1+ 41. Bxg1 e3 42. Rf4 (42. Kc2 $4 Rd2+ 43. Kc1 Rd1+ $1 $19)
42... Bxc3 (42... Rd1+ $6 43. Kc2 $11) 43. Bxe3 Rxe3 44. bxc3 Be4+ 45. Kb2 Re2+
46. Kc1 (46. Ka3 {(It is difficult to imagine not playing this move, too!)} Bb1
47. Ka4 Rxa2+ 48. Kb5 Bg6 49. c4 {would be a draw.}) 46... Kxh6 47. Kd1 Re3 48.
Kd2 Rd3+ 49. Ke2 Bg6 50. Ra4 Kg5 51. Rxa5+ (51. b4 {was more accurate.}) 51...
Kf4 52. Ra6 Bf5 53. Rc6 $2 (53. c4 Rd8 54. Rf6 {was more accurate.}) 53... Rh3
54. Rd6 $4 ({My idea after 53.Rc6 Rh3 was to go} 54. c4 Rh2+ {and now 55.Kc3,
but this is not allowed by the chess rules! What a game.}) (54. Rf6 {was
necessary.}) 54... Rh2+ 55. Kd1 Ke3 {Of course now White gets mated.} 56. Kc1
Rc2+ 57. Kd1 Rxc3 $6 (57... Rb2 58. Ke1 Rg2 59. Kf1 Rg8 {with mate.}) 58. Ke1
Rc1+ $6 (58... Bg4 $1 {still wins, e.g.} 59. Kf1 Bf3 60. Kg1 Rc2 61. Rd8 Rg2+
62. Kf1 Rh2 63. Rg8 Rxa2 64. Re8+ Be4 65. Kg1 Rg2+ 66. Kf1 Rh2 67. Rg8 Rb2) 59.
Rd1 Rc8 60. Rd5 $1 Be4 61. Rd7 Rc1+ 62. Rd1 Rc2 63. Rd8 Rxa2 64. b4 Ra1+ 65.
Rd1 Ra8 66. Rd7 Rb8 $4 (66... Ra2 67. Rd8 Rb2 {is still technically winning.
But Black has to take my b-pawn without allowing me Rd2-Re2 as happened in the
game!}) 67. Rd2 $1 Bd3 68. Rh2 Rf8 (68... Rxb4 69. Re2+ $11 (69. Rh3+ $11)) 69.
Rh3+ Kd4 70. b5 Rf1+ 71. Kd2 Rf2+ 72. Ke1 Re2+ 73. Kd1 Kc3 74. Rh8 Rf2 75. Rc8+
Bc4 76. Re8 Bxb5 77. Rc8+ Bc4 78. Re8 Rf7 79. Re3+ Bd3 80. Re8 Rf5 81. Rc8+ Bc4
82. Re8 Rf1+ 83. Re1 Rf8 84. Re3+ Bd3 85. Re7 Rf6 86. Rc7+ Bc4 87. Re7 Rf3 88.
Re8 Rf6 89. Re3+ Bd3 90. Re8 Rf7 91. Rc8+ Bc4 92. Re8 Rf3 93. Re7 Bb5 94. Rc7+
Kd3 95. Ke1 Rf8 96. Re7 Bc6 97. Ra7 Be4 98. Ra3+ Kd4 99. Ke2 Rh8 100. Ra4+ Ke5
101. Kd2 Rh2+ 102. Kc3 Rc2+ 103. Kb3 Rc7 104. Rb4 Bc2+ 105. Kb2 Kd5 106. Rb5+
Kd4 107. Rb4+ Kd3 108. Rb8 Kd2 109. Rd8+ Bd3 110. Rb8 Rc1 {Till now more or
less nothing happened and I am quite close to being able to claim a draw due
to 50-moves rule. But... fifty moves without amazing mistakes in that game
would simply have been impossible!} 111. Ka2 $4 Kc3 $4 (111... Bc4+ 112. Kb2
Rc2+ 113. Ka1 Ra2+ 114. Kb1 Kc3 115. Kc1 Ba6 $3 116. Rb6 Bd3 117. Rc6+ Bc4 118.
Rb6 Rc2+ 119. Kd1 Rf2 {and mate to move: and we played only 43 moves!}) 112.
Rb3+ Kc4 113. Rb8 Bf5 114. Rf8 Rc2+ 115. Ka3 Rf2 116. Rf7 Rf3+ 117. Kb2 Rb3+
118. Kc1 Be4 119. Rc7+ Kd4 120. Rd7+ Bd5 121. Rd8 Rh3 122. Kd2 Rh2+ 123. Ke1
Ke3 124. Kd1 Be4 125. Kc1 Rc2+ 126. Kd1 {Fifty moves played! Due to keep going
until the flag came down to a few seconds. My only aim was: not to get mated
in one move! And not to put my rook "en prise"...} Rc7 127. Re8 Rc6 128. Re7
Rc8 129. Re6 Rh8 130. Ke1 Rc8 131. Rd6 Rf8 132. Rd2 Bd3 133. Re2+ Kd4 134. Rf2
Rh8 135. Kd2 Ra8 136. Rf7 Ra2+ 137. Kd1 Kc3 138. Rc7+ Bc4 139. Ke1 Rh2 {
Maybe the draw is actually a fair result?} 1/2-1/2